Central Library OPAC University of Rajshahi

Introduction to the chemistry of enzymes / (Record no. 10773)

MARC details
000 -LEADER
fixed length control field 00689cam a22002411 4500
001 - CONTROL NUMBER
control field 10773
003 - CONTROL NUMBER IDENTIFIER
rucl marc code BD-RjUL
005 - DATE AND TIME OF LATEST TRANSACTION
control field 20211208235020.0
008 - FIXED-LENGTH DATA ELEMENTS--GENERAL INFORMATION
fixed length control field 140125s1954 nyua 000 0 eng d
035 ## - SYSTEM CONTROL NUMBER
System control number (BD-RjUL)10822
System control number (OCoLC)1356586
040 ## - CATALOGING SOURCE
Original cataloging agency DLC
Transcribing agency CtHT
Modifying agency OClW-H
-- MH-A
-- Uk
-- DLC
-- (BD-RjUL)
Language of cataloging eng
041 ## - LANGUAGE CODE
Language code of text/sound track or separate title eng
082 00 - DEWEY DECIMAL CLASSIFICATION NUMBER
Classification number 612.0151
Author mark and year LAI
100 1# - MAIN ENTRY--PERSONAL NAME
Personal name Laidler, Keith James,
Dates associated with a name 1916-
9 (RLIN) 31691
245 10 - TITLE STATEMENT
Title Introduction to the chemistry of enzymes /
Statement of responsibility, etc. Laidler, Keith James,
260 ## - PUBLICATION, DISTRIBUTION, ETC. (IMPRINT)
Place of publication, distribution, etc. New York :
Name of publisher, distributor, etc. McGraw-Hill,
Date of publication, distribution, etc. 1954.
300 ## - PHYSICAL DESCRIPTION
Pagination 208 p. :
Illustrations illus. ;
Size 24 cm.
650 #0 - SUBJECT ADDED ENTRY--TOPICAL TERM
Topical term or geographic name as entry element Enzymes.
9 (RLIN) 32271
942 ## - ADDED ENTRY ELEMENTS (KOHA)
Source of classification or shelving scheme Dewey Decimal Classification
Koha item type Books
Holdings
Lost status Source of classification or shelving scheme Damaged status Not for loan Collection code Permanent Location Current Location Shelving location Date acquired Source of acquisition Cost, normal purchase price Total Checkouts Full call number Date last seen Date checked out Copy number Koha item type
  Dewey Decimal Classification     Non-fiction Central Library, University of Rajshahi Central Library, University of Rajshahi   08/09/1957 Publisher United LTD. 32.00 1 612.0151 LAI 1954 28/12/2023 21/12/2023 C-2 Books
  Dewey Decimal Classification   Not For Loan Non-fiction Central Library, University of Rajshahi Central Library, University of Rajshahi Reading Room 06/12/1962 Zeithlinger. 54.00   612.0151 LAI 1954 22/05/2017   C-1 Books
  Dewey Decimal Classification     Non-fiction Central Library, University of Rajshahi Central Library, University of Rajshahi   23/01/2019   54.00   612.0151 LAI 23/01/2019   C-3 Books